Sports Quiz

Random Sports or WWE Quiz

WWE Promo Clicky-oke: Steve Austin's ECW Promo Quiz Stats

 Plays Quiz not verified by Sporcle

Score 0/32 Timer 10:00
0 Plays Today
% Correct
for me to call Eric Bischoff.
82.7%
Hey, what about me and Sting? We got this big thing goin', how 'bout the cage?
71%
the biggest potential superstar in wrestling on the goddamn ground!
69.1%
No Thteve, thath for thomebody elthe, baby.
68.5%
Because Hulk Hogan, Hulkamania was the biggest thing to ever come down the wrestling's pike!
68.5%
It was the best tag team to come along in ten years!
68.5%
so I let myself become garbage
68.5%
give him seven good minutes. Let the people see what he can do!
67.3%
I thought a big cloud was lifted off the career of Steve Austin.
66.7%
Well, how about me and Savage, man?
66.7%
All Steve Austin got was a good swift kick in the ass, as Bischoff hung up the phone and left me high and dry!
66%
We're gonna put the US title on you, and then we’re gonna take you here,
65.4%
maybe I wasn’t happy with what was goin' on, but I became complacent.
65.4%
anybody that was anybody, stepped foot in the Dallas Sportatorium.
63.6%
it’s ECW, it's the WWF, it's All Japan, it's New Japan, and all Steve Austin's gotta do is make a decision.
62.3%
Well all that **** never happened!
61.7%
% Correct
We're gonna keep you right where you are.
61.1%
is the famous ECW Arena.
60.5%
came up with the right figure for Steve Austin to make a decision.
58.6%
You got the Pitbulls. You got Stevie Richards,
58.6%
You got a bunch of damn misfits runnin' around, thinkin' that they can actually wrestle.
58.6%
and that's exactly what I'll call it, 'cause that's exactly what it is.
58.6%
they’re payin' me a bunch'a money.
58%
and there damn sure isn't an Eric Bischoff here.
57.4%
It's what I do better than anybody in the world!
56.2%
what a true superstar is supposed to be.
54.9%
Bischoff delivers the shot, heard around the damn world!
53.1%
It's the biggest piece of crap I've ever seen!
53.1%
because there's no one, no one, in ECW that can stop me.
52.5%
Never was meant to be.
51.2%
Not Tod Gordon. Not Hulk Hogan. Not Eric Bischoff. Nobody.
50.6%
what Steve Austin can do.
37%

You're not logged in!

Compare scores with friends on all Sporcle quizzes.
OR
Log In

You Might Also Like...

Show Comments

Extras

Top Quizzes Today


Score Distribution

Your Account Isn't Verified!

In order to create a playlist on Sporcle, you need to verify the email address you used during registration. Go to your Sporcle Settings to finish the process.

Report this User

Report this user for behavior that violates our Community Guidelines.

Details: